The Littles to the rescue : (Record no. 1051)

MARC details
000 -LEADER
fixed length control field 00862cam a2200265 a 4500
005 - DATE AND TIME OF LATEST TRANSACTION
control field 20230815140355.0
020 ## - INTERNATIONAL STANDARD BOOK NUMBER
International Standard Book Number 0448474913
040 ## - CATALOGING SOURCE
Original cataloging agency DLC
Transcribing agency DLC
Modifying agency DLC
Language of cataloging eng
050 00 - LIBRARY OF CONGRESS CALL NUMBER
Classification number PZ7.P4445
Item number Li 1968
082 00 - DEWEY DECIMAL CLASSIFICATION NUMBER
Classification number [Fic]
Edition number 19
100 1# - MAIN ENTRY--PERSONAL NAME
Personal name Peterson, John,
Dates associated with a name 1924-2002.
245 14 - TITLE STATEMENT
Title The Littles to the rescue :
Remainder of title story and pictures /
Statement of responsibility, etc. by John Peterson
260 ## - PUBLICATION, DISTRIBUTION, ETC.
Place of publication, distribution, etc. New York :
Name of publisher, distributor, etc. Scholastic,
Date of publication, distribution, etc. 1968.
300 ## - PHYSICAL DESCRIPTION
Extent 94 pages :
Other physical details illustrations
Dimensions 20 cm
505 ## - FORMATTED CONTENTS NOTE
Formatted contents note O <br/>
520 ## - SUMMARY, ETC.
Summary, etc. A family of tiny people experiences a crisis when a baby is born during a snowstorm.
521 ## - TARGET AUDIENCE NOTE
Target audience note 630 <br/>
Source Lexile <br/>
521 ## - TARGET AUDIENCE NOTE
Target audience note O <br/>
Source Raz-Plus <br/>
650 #0 - SUBJECT ADDED ENTRY--TOPICAL TERM
Topical term or geographic name entry element Little family (Fictitious characters)
Form subdivision Fiction.
650 #1 - SUBJECT ADDED ENTRY--TOPICAL TERM
Topical term or geographic name entry element Fantasy.
906 ## - LOCAL DATA ELEMENT F, LDF (RLIN)
a 7
b cbc
c orignew
d 2
e opcn
f 19
g y-gencatlg
942 ## - ADDED ENTRY ELEMENTS (KOHA)
Source of classification or shelving scheme Dewey Decimal Classification
Koha item type Books
Suppress in OPAC No
999 ## -
-- 1051
-- 1051
Holdings
Withdrawn status Lost status Source of classification or shelving scheme Damaged status Not for loan Collection Home library Current library Shelving location Date acquired Total Checkouts Full call number Barcode Date last seen Date last checked out Price effective from Koha item type
    Dewey Decimal Classification     Fiction Footprints International School Library Network Toul Kork Campus Footprints International School Library Network Toul Kork Campus   07/19/2023 4 PET Fic PZ7.P4445 FISBK00870 04/11/2025 09/11/2024 07/19/2023 Books